[Event "Krakow op-C"]
[Site "Krakow"]
[Date "2022.06.26"]
[Round "3"]
[White "Pawlak, Emilia"]
[Black "Cwiek, Stefan"]
[Result "0-1"]
[WhiteElo "1548"]
[BlackElo "1397"]
[PlyCount "88"]
[EventDate "2022.06.25"]
[EventType "swiss"]
[EventRounds "9"]
[EventCountry "POL"]
[SourceTitle "EXT 2023"]
[Source "ChessBase"]
[SourceDate "2022.10.05"]
[SourceVersion "1"]
[SourceVersionDate "2022.10.05"]
[SourceQuality "1"]

1. c4 e5 2. g3 Nc6 3. Bg2 f5 4. Nc3 Nf6 5. d3 Bb4 6. Bd2 d6 7. e3 0-0 8. Nge2 Qe8 9. 0-0 Qh5 10. f4 Bc5 11. Nd5 Bb6 12. Nec3 Qxd1 13. Raxd1 Be6 14. Nxb6 axb6 15. a3 e4 16. dxe4 Bxc4 17. Rfe1 fxe4 18. Nxe4 Nxe4 19. Bxe4 d5 20. Bg2 Rfd8 21. Bc3 b5 22. Rd2 Na5 23. Red1 c6 24. Rf2 Re8 25. Re1 Nb3 26. Bf3 Nc5 27. Rd1 Bb3 28. Rdf1 Ra4 29. Bd1 Rxe3 30. Bb4 Ne4 31. Bxb3 Rxb3 32. Re2 c5 33. Be1 Rd4 34. g4 Rd1 35. f5 Kf7 36. Kg2 Rb1 37. Rf3 R1xb2 38. Rxb2 Rxb2+ 39. Kg1 d4 40. Rf4 Nc3 41. Kf1 Nd5 42. Rf2 Ne3+ 43. Kg1 Rxf2 44. Kxf2 Nxg4+ 0-1

[Event "POL-ch U18 Girls"]
[Site "Sypniewo"]
[Date "2022.03.22"]
[Round "4"]
[White "Mytnik, Kinga"]
[Black "Pawlak, Emilia"]
[Result "1-0"]
[WhiteElo "1438"]
[BlackElo "1402"]
[PlyCount "75"]
[EventDate "2022.03.19"]
[EventType "swiss"]
[EventRounds "9"]
[EventCountry "POL"]
[SourceTitle "CBM 207 Extra"]
[Source "ChessBase"]
[SourceDate "2022.05.31"]
[SourceVersion "1"]
[SourceVersionDate "2022.05.31"]
[SourceQuality "1"]

1. e4 c5 2. d3 Nc6 3. f4 d6 4. c3 g6 5. Nf3 Bg7 6. Be2 e5 7. 0-0 Nge7 8. Qe1 0-0 9. Qh4 f5 10. fxe5 dxe5 11. Bh6 f4 12. Ng5 Qe8 13. Bd1 Nd8 14. Bb3+ Nf7 15. Bxg7 Kxg7 16. Qxh7+ Kf6 17. Nxf7 Rxf7 18. Bxf7 Qxf7 19. Qxf7+ Kxf7 20. Na3 Be6 21. Nb5 Rd8 22. Rfd1 a6 23. Na3 Nc6 24. Nc4 b5 25. Na3 Bg4 26. Rd2 c4 27. h3 Bh5 28. Rf1 Ke6 29. d4 exd4 30. Rxf4 g5 31. Rf5 d3 32. Rxg5 Be2 33. Rg6+ Kd7 34. Rf6 Rg8 35. Rf2 Ke6 36. Rfxe2 dxe2 37. Rxe2 Ne5 38. Nc2 1-0

[Event "POL-ch U17 Girls Qual"]
[Site "Jastrzebia Gora"]
[Date "2021.11.21"]
[Round "9"]
[White "Pawlak, Emilia"]
[Black "Pacho, Maria"]
[Result "1-0"]
[WhiteElo "1445"]
[BlackElo "1279"]
[PlyCount "111"]
[EventDate "2021.11.15"]
[EventType "swiss"]
[EventRounds "9"]
[EventCountry "POL"]
[SourceTitle "EXT 2023"]
[Source "ChessBase"]
[SourceDate "2022.10.05"]
[SourceVersion "1"]
[SourceVersionDate "2022.10.05"]
[SourceQuality "1"]

1. c4 c5 2. Nc3 Nc6 3. g3 Nf6 4. Bg2 d6 5. e4 e6 6. Nge2 Be7 7. d3 0-0 8. 0-0 a6 9. h3 Rb8 10. a4 Bd7 11. Be3 Qc8 12. f4 Qc7 13. Kh2 Na7 14. Qd2 b5 15. axb5 axb5 16. b3 Bc6 17. g4 Nd7 18. d4 b4 19. Nd1 cxd4 20. Nxd4 Nc5 21. Rxa7 Rb7 22. Rxb7 Bxb7 23. Nf2 Qa5 24. Qb2 Ra8 25. Nc2 Qa2 26. Rb1 Bf6 27. Qxa2 Rxa2 28. Nxb4 Re2 29. Bxc5 dxc5 30. Nbd3 Bd4 31. Bf1 Rd2 32. Rd1 Rxd1 33. Nxd1 Bxe4 34. N1b2 Kf8 35. Na4 Bxd3 36. Bxd3 h6 37. Kg3 Ke7 38. Kf3 Kd6 39. Ke4 Ba1 40. Be2 Bf6 41. Kd3 g5 42. Nc3 Be7 43. Ke4 Bf6 44. Kd3 Be7 45. Ne4+ Kc7 46. f5 e5 47. f6 Bf8 48. Nc3 Kd6 49. Ke4 Ke6 50. Nd5 Bd6 51. Bd3 Bf8 52. Ke3 Kd7 53. Bf5+ Ke8 54. Ke4 Bd6 55. Nc3 Bc7 56. Nb5 1-0

[Event "POL-ch U17 Girls Qual"]
[Site "Jastrzebia Gora"]
[Date "2021.11.20"]
[Round "8"]
[White "Pawlak, Emilia"]
[Black "Mytnik, Kinga"]
[Result "1-0"]
[WhiteElo "1445"]
[BlackElo "1477"]
[PlyCount "111"]
[EventDate "2021.11.15"]
[EventType "swiss"]
[EventRounds "9"]
[EventCountry "POL"]
[SourceTitle "EXT 2023"]
[Source "ChessBase"]
[SourceDate "2022.10.05"]
[SourceVersion "1"]
[SourceVersionDate "2022.10.05"]
[SourceQuality "1"]

1. e4 d6 2. d4 Nf6 3. Nc3 Nbd7 4. f4 e5 5. Nf3 exd4 6. Qxd4 c6 7. Be3 Qb6 8. 0-0-0 Ng4 9. Bg1 Qxd4 10. Nxd4 g6 11. h3 Ngf6 12. Nf3 Nh5 13. Bh2 Nc5 14. g4 Nf6 15. Nd2 b5 16. b4 Nb7 17. Bg2 Nd7 18. e5 d5 19. a3 a5 20. Nb3 axb4 21. axb4 Bxb4 22. Nb1 Na5 23. Nxa5 Rxa5 24. c3 Be7 25. f5 Bg5+ 26. Kb2 Nb6 27. h4 Nc4+ 28. Kb3 Bxh4 29. e6 Be7 30. Rhe1 fxe6 31. fxe6 Ra4 32. Bg3 Na5+ 33. Kb2 Rxg4 34. Rd3 Nc4+ 35. Kb3 Bd6 36. Bxd6 Rxg2 37. Ba3 Nxa3 38. Nxa3 Rf8 39. Kb4 Ke7 40. Kc5 Ra2 41. Nb1 Ra6 42. Rh3 h5 43. Rg3 Rf6 44. Nd2 h4 45. Rg5 Bxe6 46. Nb3 Kd7 47. Rge5 Ra4 48. Nd4 Rc4+ 49. Kb6 Bf7 50. Re7+ Kd8 51. Ra7 Ra4 52. Rb7 Rxd4 53. cxd4 Re6 54. Ra1 c5+ 55. Kxc5 Kc8 56. Rxf7 1-0

[Event "POL-ch U17 Girls Qual"]
[Site "Jastrzebia Gora"]
[Date "2021.11.16"]
[Round "2"]
[White "Pawlak, Emilia"]
[Black "Czerwinska, Oliwia"]
[Result "1/2-1/2"]
[WhiteElo "1445"]
[BlackElo "1408"]
[PlyCount "99"]
[EventDate "2021.11.15"]
[EventType "swiss"]
[EventRounds "9"]
[EventCountry "POL"]
[SourceTitle "EXT 2023"]
[Source "ChessBase"]
[SourceDate "2022.10.05"]
[SourceVersion "1"]
[SourceVersionDate "2022.10.05"]
[SourceQuality "1"]

1. e4 e5 2. Nf3 Nc6 3. Bc4 Bc5 4. 0-0 d6 5. c3 Nf6 6. d3 h6 7. Bb3 0-0 8. Nbd2 a6 9. Re1 Ng4 10. Re2 Kh8 11. h3 Nf6 12. Nf1 Bb6 13. Ng3 Be6 14. Bc2 Qc8 15. Kh2 Ne7 16. d4 Ng6 17. Qd3 Qe8 18. Be3 Bd7 19. Qd2 Kh7 20. Rd1 Bb5 21. Ree1 Rd8 22. Nf5 Ng8 23. b3 Bd7 24. Kg1 f6 25. Nh2 N6e7 26. Ng4 Qg6 27. Qd3 Qf7 28. Qe2 h5 29. Nh2 g6 30. Nh4 Qg7 31. f4 Nh6 32. N4f3 Nf7 33. Rd2 Rh8 34. fxe5 dxe5 35. dxe5 Bxe3+ 36. Qxe3 Nxe5 37. Nxe5 fxe5 38. Red1 Nc6 39. Nf3 Qe7 40. Ng5+ Kg7 41. b4 Be6 42. Nxe6+ Qxe6 43. Bb3 Qe7 44. Bd5 Rhf8 45. Bxc6 bxc6 46. Rxd8 Rxd8 47. Rxd8 Qxd8 48. Qc5 Qg5 49. Qxc6 Qc1+ 50. Kh2 1/2-1/2

[Event "POL-chT U20 2nd League"]
[Site "Szczyrk"]
[Date "2017.07.30"]
[Round "11.65"]
[White "Pietruszka, Agata"]
[Black "Pawlak, Emilia"]
[Result "0-1"]
[WhiteElo "1009"]
[BlackElo "1381"]
[PlyCount "70"]
[EventDate "2017.07.22"]
[EventType "team-swiss"]
[EventRounds "11"]
[EventCountry "POL"]
[SourceTitle "EXT 2019"]
[Source "ChessBase"]
[SourceDate "2018.10.10"]
[SourceVersion "1"]
[SourceVersionDate "2018.10.10"]
[SourceQuality "1"]

1. e4 c5 2. Nf3 Nc6 3. c3 d5 4. exd5 Qxd5 5. h3 e5 6. d3 Nf6 7. Be2 Be7 8. 0-0 0-0 9. Be3 b6 10. Qd2 Bb7 11. Rd1 Rac8 12. Bg5 Rfd8 13. Bh4 Rc7 14. Bf1 Rcd7 15. Ne1 e4 16. Bg3 exd3 17. Qxd3 Qe6 18. Qxd7 Rxd7 19. Nd2 Nh5 20. Bh2 h6 21. Nef3 Qg6 22. b4 cxb4 23. cxb4 Bxb4 24. Rac1 Bxd2 25. Nxd2 Nd4 26. Kh1 Ne6 27. f3 Ng3+ 28. Bxg3 Qxg3 29. Kg1 Nf4 30. Ne4 Rxd1 31. Nxg3 Rxc1 32. Kf2 Rc2+ 33. Ne2 Nxe2 34. Bxe2 Ba6 35. Kg3 Bxe2 0-1

[Event "POL-chT U20 2nd League"]
[Site "Szczyrk"]
[Date "2017.07.22"]
[Round "1.66"]
[White "Pisarek, Elzbieta"]
[Black "Pawlak, Emilia"]
[Result "0-1"]
[WhiteElo "1433"]
[BlackElo "1381"]
[PlyCount "94"]
[EventDate "2017.07.22"]
[EventType "team-swiss"]
[EventRounds "11"]
[EventCountry "POL"]
[SourceTitle "EXT 2019"]
[Source "ChessBase"]
[SourceDate "2018.10.10"]
[SourceVersion "1"]
[SourceVersionDate "2018.10.10"]
[SourceQuality "1"]

1. e4 c5 2. Nf3 d6 3. d4 cxd4 4. Nxd4 Nf6 5. Nc3 a6 6. Be2 e5 7. Nb3 Be7 8. 0-0 0-0 9. Be3 Be6 10. Qd2 d5 11. exd5 Nxd5 12. Nxd5 Qxd5 13. Qxd5 Bxd5 14. Rfd1 Bc6 15. Na5 f5 16. Bb6 h6 17. Bc4+ Kh7 18. c3 Rf6 19. Bc7 Rg6 20. g3 Bf3 21. Re1 e4 22. Bd5 Nc6 23. Bxc6 bxc6 24. Nc4 Rc8 25. Bf4 Re6 26. Ne5 Bh5 27. Nc4 g5 28. Bd2 Rg8 29. h3 f4 30. g4 Bf7 31. Na5 h5 32. Kg2 Rh8 33. Nb3 Kg7 34. Nd4 f3+ 35. Kg1 Re5 36. Nxc6 Rd5 37. Nxe7 Rxd2 38. Rxe4 hxg4 39. hxg4 Re2 40. Re1 Rxb2 41. a4 Rb6 42. Nf5+ Kf6 43. Nd4 Kg7 44. Re7 Kf6 45. R7e5 Rh4 46. Rf5+ Kg6 47. Re4 Rb1+ 0-1